01393nam a2200301 a 450000100100000000500170001000800410002702000180006804000250008608200210011110000290013224501010016126000440026230000200030649000270032659000270035350400280038065000450040865000540045365000580050771000560056571000520062183000320067395201250070595201190083095201250094999900170107400004842120260527074042.0190314s2018 dr 000 0 spa d a9789945590739 aDO-SdBNPbspacBNPHU a324.97293bR893e1 aRozón, Vladimir97583313aLa extemporaneidad de las campañas electorales en República Dominicana. /cVladimir Rozón. aSanto Domingo, :bFUNGLODEbOPD,c2018. a57 p. ;c23 cm.1 aPartidos políticos ; aInventariado, 2019/ YL aBibliografía p: 53-574 aEleccioneszRepública Dominicana9299240aPartidos políticoszRepública Dominicana92854 aCampañas políticaszRepública Dominicana9462372 aFundación Global Democracía y Desarrollo9254771 aObservatorio Político Dominicano (OPD)975834 0aPartidos políticos975835 0010718DSaGRbGRcCTd2019-03-14iLF1l0o324.97293 R893ep48421-30r2020-06-25te. 3w2020-06-25yLFDSZNo se presta 0010718PDaPDbPDcCTd2019-03-14iLF1l0o324.97293 R893ep48421-10r2020-06-25w2020-06-25yLFPDZNo se presta 0010718PDaPDbPDcCTd2019-03-14iLF1l0o324.97293 R893ep48421-20r2020-06-25te. 2w2020-06-25yLFPDZNo se presta c47909d47909